00737nam a2200181Ia 4500001001000000003000500010008004100015010001100056040000900067082002000076100002000096245015800116300001000274440001600284500010200300650009500402710005800497Para_8497CHAP220125s9999 xx 000 0 und d a207320 cCHAP aPA-C 595.752 A6 aPeterson, Alvah aSome studies on the influence of environmental factors on the hatching of the eggs of aphis avenae fabricius and aphis pomi degeer /c by Alvah Peterson a10 p. aAphidae; 18 aSobretiro de: Ann. Ent. Soc. am. 13 (4): 391-400, 1920. Encuadernado con otros impresos similares ax Afididos x Colecciones de escritos x Aphis avenae x Aphis pomi x Afididos x Larvas aAnnals of the Entomological Society of America 13 (4)